000 00913 a2200205 4500
003 NUST
005 20230119134026.0
010 _a 83005817
020 _a0442256280
040 _cNust
082 0 0 _a658.40388,KAL
100 1 _aKallman, Ernest A.
_9107099
245 1 0 _aInformation systems for planning and decision making :
_bthe strategic and operational management of human resources, finance, manufacturing, and marketing through information /
_cErnest A. Kallman, Leon Reinharth.
260 _aNew York :
_bVan Nostrand Reinhold,
_cc1984.
300 _axviii, 488 p. :
_bill. ;
_c27 cm.
505 _aPart-1:- Information the Vital Resource (Page-3) Part -2:- Introduction to information for Operational Decisions (Page-193) Part -3:- The Hardware and Software Decision (Page-376).
650 0 _aManagement information systems.
700 1 _aReinharth, Leon.
_9107100
942 _2ddc
_cBK
_k658.40388,KAL
999 _c184943
_d184943